| 000 | 00622nam a2200229Ia 4500 | ||
|---|---|---|---|
| 003 | OSt | ||
| 005 | 20221006164556.0 | ||
| 006 | a|||||r|||| 00| 0 | ||
| 007 | ta | ||
| 008 | 221006b |||||||| |||| 00| 0 eng d | ||
| 024 | _a1,030 | ||
| 037 | _cTextual | ||
| 040 |
_aFML _cFML _beng |
||
| 041 |
_2eng _aeng |
||
| 082 | _aNA44111, J9 | ||
| 100 |
_aIndia Ministry of C R C C Au. _9677582 |
||
| 245 | 0 | _aKanchi | |
| 260 |
_aNew Delhi _bPublication Division Ministry of C R C _c1964 |
||
| 300 |
_a36 _ccm. |
||
| 942 |
_hNA44111, J9 _cTEXL _2CC |
||
| 999 |
_c1117730 _d1117730 |
||